000 02729nam a22003737a 4500
001 42835
003 gtgccic
005 20251022115910.0
007 ta
008 251021b gt ||||| |||| 00| 0 spa d
040 _agtgccic
_bspa
_cgtgccic
_erda
084 _0TPI-15-0075
100 1 0 _aVíctor Gabriel Rolando Mendoza Camey
_dIngeniero Civil
_eautor
245 1 0 _aMétodo reclaimed asphalt pavement (RAP) como una alternativa de rehabilitación de carreteras en Guatemala,
_bproceso de construcción y normas de regularización /
_cMendoza Camey, Víctor Gabriel Rolando
264 1 _aGuatemala, Guatemala :
_bUSAC, Facultad de Ingeniería ;
_c2015.-
300 _axxxiv, 98 p. :
_bil. ;
_c27 cm
336 _2rdacontenido
_aTexto
_btxt
337 _2rdamedio
_asin mediación
_bn
338 _2rdasoporte
_avolumen
_bnc
502 _aTesis Postgrado
_bMAESTRO EN ARTES INGENIERÍA VIAL
_cUSAC, Facultad de Ingeniería, Escuela de Postgrado
_d2015
_oTPI-15-0075
504 _abibliografía pag. 91
505 _t1. GENERALIDADES DE LOS PAVIMENTOS ASFÁLTICOS
505 _t2. TÉCNICAS DE RAHABILITACIÓN DE PAVIMENTOS FLEXIBLES
505 _t3. MÉTODO RECLAIMED ASPHALT PAVEMENT (RAP)
505 _t4. ANÁLISIS DE LA NORMATIVA EXISTENTE SOBRE EL RAP
505 _t5. PRESENTACIÓN DE RESULTADOS
505 _t6. ANÁLISIS DE RESULTADOS
520 _aLa rehabilitación de las carreteras es un punto principal en la política vial de Guatemala y que se maneja a través del Plan de Desarrollo Vial 2008-2017, PDV, propuesto por la Dirección General de Caminos. Por tal razón, es importante dar a conocer un método alternativo para rehabilitar carreteras que involucre material reciclado, mismo que permitirá grandes ventajas y economías, y que su eficiencia ha sido comprobada en otros países. El método Reclaimed Asphalt Pavement, RAP, consiste en extraer los materiales que conforman la carpeta asfáltica por medio de fresado y reutilizarlos como proceso in situ o en planta, esto representa ventajas, entre las que predomina la disponibilidad de la calidad y granulometrías de los agregados, del bitumen asfáltico, la reducción de los costos tanto de mano de obra como del equipo a utilizar, del acarreo de material a los vertederos, la reducción de contaminación ambiental. El reciclaje de carpeta asfáltica en nuestro país ya comenzó a utilizarse, pero por aquellas empresas que son pioneras en la investigación y que tienen la capacidad económica para incorporar tecnología y adquirir la maquinaria necesaria.
650 _aCARRETERAS
650 _aMATERIALES PARA CARRETERAS
700 _aMa. Ing. César Augusto Castillo Morales
_easesor
942 _2ddc
_cTPS
945 _aamlo
999 _c2372
_d2372